| 000 | 00782nam a22002175i 4500 | ||
|---|---|---|---|
| 001 | 159285 | ||
| 003 | ES-MaACL | ||
| 005 | 20250819174320.0 | ||
| 008 | 040909s1838 fr |||| | fre d | ||
| 040 |
_aCAM _bspa _cCAM |
||
| 100 | 1 |
_aMeissas, Achille. _9129798 |
|
| 245 | 1 | 0 |
_aManuel de géographie _b: contenant les tableaux de géographie des mèmes auteurs / _cpar Meissas et Michelot. |
| 250 | _a6e éd. | ||
| 260 |
_aParis : _bL. Hachette : _bFirmin Didot frères, _c1838. |
||
| 300 |
_aVIII, 133 p., [1] h. de lám. pleg. ; _c14 cm. |
||
| 599 | _aLa h. de lám. representa planetas: "Moisy sculpts" | ||
| 650 | 0 | 7 |
_aGeografía _2embne _913070 |
| 700 | 1 |
_aMichelot, Auguste, _d1792-1854 _9158474 |
|
| 852 |
_aES-MaACL _jD-520 _z-- Enc. cartón |
||
| 999 |
_c159285 _d159285 |
||